Foods that Start with L - Statistics

General Stats
  • This quiz has been taken 123 times
  • The average score is 10 of 14
Answer Stats
Picture Answer % Correct
Lemon
99%
Lime
99%
Lasagna
97%
Lobster
97%
Lettuce
93%
Lollipop
93%
Latte
86%
Lamb
73%
Leek
63%
Lentils
53%
Lychee
53%
Linguine
49%
Licorice
48%
Lox
31%
No matching quizzes found
Score Distribution
Percent of People with Each Score
Percentile by Number Answered
Your Score History
You have not taken this quiz